| 000 -LEADER |
| fixed length control field |
01632nam a2200157 4500 |
| 008 - FIXED-LENGTH DATA ELEMENTS--GENERAL INFORMATION |
| fixed length control field |
190507b ||||| |||| 00| 0 eng d |
| 100 ## - MAIN ENTRY--PERSONAL NAME |
| Personal name |
Janousek, Christian L. |
| 245 ## - TITLE STATEMENT |
| Title |
Theory-practice exchange in local government management: perspectives of practitioners and scholars |
| 260 ## - PUBLICATION, DISTRIBUTION, ETC. (IMPRINT) |
| Date of publication, distribution, etc |
2018 |
| 300 ## - PHYSICAL DESCRIPTION |
| Extent |
p.730-742. |
| 520 ## - SUMMARY, ETC. |
| Summary, etc |
The connection of theory to practice in public administration represents a critical transfer of information between scholarship and application. This important relationship establishes a basis of exchange among those engaged in the field, a bond that may be most magnified and accessible at the local levels of government. This study examines the perspectives of practitioners and scholars toward improving the theory–practice exchange in local government management through a series of focus group interviews held at the International City/County Management Association (ICMA) annual conference over 4 years. The findings suggest that the scholar and practitioner communities agree on several approaches and principles that may contribute to enhancing the theory–practice exchange within the themes of research transaction, collaboration, and professionalism. These themes offer mutual contexts for theory–practice interactions, which may help to inform institutional integration and best practice models, and facilitate a functional coexistence of interdependence and improved exchangeability in local government management. - Reproduced. |
| 700 ## - ADDED ENTRY--PERSONAL NAME |
| Personal name |
Blair, Robert |
| 9 (RLIN) |
5143 |
| 773 ## - HOST ITEM ENTRY |
| Main entry heading |
American Review of Public Administration |
| 906 ## - LOCAL DATA ELEMENT F, LDF (RLIN) |
| Subject DIP |
Local government |
| 942 ## - ADDED ENTRY ELEMENTS (KOHA) |
| Source of classification or shelving scheme |
|
| Item type |
Articles |